Control de la contaminación del agua y del aire
| Main Author: | |
|---|---|
| Format: | Section = Libro |
| Language: | Undetermined Spanish |
| Published: |
México
Limusa
1987
|
| Subjects: |
| LEADER | 00554nam a2200205Ia 4500 | ||
|---|---|---|---|
| 008 | 240830s9999 xx 000 0 und d | ||
| 020 | |a 968-18-2017-7 | ||
| 040 | |a CEDOC FIQ-RUSB / 628.161 F855 | ||
| 041 | |a spa | ||
| 082 | |a 628.161 F855 | ||
| 100 | 1 | |a Freeman, III, Myric A | |
| 245 | 1 | 0 | |a Control de la contaminación del agua y del aire |
| 260 | |a México |b Limusa |c 1987 | ||
| 300 | |a 217 p. :il | ||
| 650 | 7 | |a ANALISIS AMBIENTAL | |
| 650 | 7 | |b CONTAMINACION - AGUA | |
| 650 | 7 | |c CONTAMINACION / AIRE | |
| 942 | |c BK |2 ddc | ||
| 991 | |a TEXTO | ||
| 999 | |c 13094 | ||